Como se dice …

Guardat en:
Dades bibliogràfiques
Autor principal: JARVIS, Ana C.
Format: Llibre
Idioma:anglès
Publicat: Houghton Mifflin 2009
Etiquetes: Afegir etiqueta
Sense etiquetes, Sigues el primer a etiquetar aquest registre!

MARC

LEADER 00000nam a22000007a 4500
008 210420b ||||| |||| 00| 0 eng d
020 |a 978-0-547-00131-9 
100 |a JARVIS, Ana C. 
245 |a Como se dice …  |c Ana C. Jarvis, Raquel Lebredo, [and] Francisco Mena-Ayllón  |g xxiii, 507p.; ill. 
250 |b 9th  
260 |b Houghton Mifflin  |c 2009  |h Boston  |i 680848  |l PC4129 .E5J28  |m Spanish language - Textbooks for foreign speakers - English. 
500 |a “It includes index.” 
942 |a lcc  |c BK  |e Ogunmilade, F.T.  |f 20/04/2021 
952 |0 0  |1 0  |2 lcc  |4 0  |6 PC4129 E5 J28  |7 0  |9 2274  |a HOL  |b HOL  |c LP  |d 2021-04-20  |l 0  |o PC4129 .E5J28  |p 2021-6128  |r 2021-04-20 00:00:00  |w 2021-04-20  |y BK 
999 |c 1170  |d 1170